000 01170nam a22002297a 4500
999 _c61401
_d61401
003 Ge_BSU
005 20240306162918.0
008 240306s2023 ge ||||| |||| 00| 0 geo d
020 _a9789941335358
041 _ageo
080 _a338.2 ვ-21
100 _aვარშანიძე, ნესტან
_921344
245 _aლურჯი ეკონომიკა :
_bაკვაკულტურული მეურნეობის განვითარების პერსპექტივები აჭარაში /
_cნესტან ვარშანიძე; რედაქტორი ნათელა წიკლაშვილი.
264 _aბათუმი :
_bუნივერსალი,
_c2023.
300 _a94 გვ.;
_b21 სმ.
500 _aპარალ სათ. ინგლ. ენაზე.
504 _aბიბლიოგრ. გვ.90-94
653 _aეკონომიკა
653 _aაკვაკულტურული მეურნეობა
700 _aწიკლაშვილი, ნათელა
_eრედაქტორი
_96001
942 _2udc
_cBK